000 00396nam a2200133Ia 4500
008 200619s9999 xx 000 0 und d
020 _a9800000000000
100 _aBernan
245 0 _aClaiming the Millennium Development Goals : A Human Rights Approach
264 _bOFC High Comm Human Rights
_c2008
300 _a60
942 _cIR
999 _c120384
_d120384